| 000 | 00385nam a22001217a 4500 | ||
|---|---|---|---|
| 082 | _a220 PRO | ||
| 100 |
_aAHMAD ADEE, FARHAN AHMAD, MUNEEB MASOOD RAJA, SYED ARSLAH _971607 |
||
| 245 | _aPR-SOF-1344-MICRO UNMANNED GROUND VEHICLE | ||
| 260 |
_aISLAMABAD _bNUST COLLEGE OF EME _c2014 |
||
| 650 |
_aDE-MTS-32 _971608 |
||
| 700 |
_aDR JAVAID IQBAL, LT COL NASIR RASHID _971112 |
||
| 942 | _cCR | ||
| 999 |
_c578032 _d578032 |
||